Statistics for 明治39年の乗降客数WORST50(関東・当時の国鉄のみ)

Click here to take the quiz!

General Stats

  • This quiz has been taken 19 times
  • The average score is 17 of 50

Answer Stats

順位路線駅名一日あたりの利用客数% Correct
25常磐線牛久114
69%
47東金線東金161
63%
33常磐線藤代136
63%
43常磐線赤塚152
56%
32山手線原宿132
56%
34常磐線荒川沖139
56%
6外房線土氣58
56%
35信越本線横川140
56%
15総武本線松岸80
56%
40常磐線内原145
50%
29外房線ほか蘇我130
50%
46東北本線間々田155
50%
4総武本線猿田53
50%
48常磐線大甕168
50%
21東北本線小金井103
50%
10常磐線神立70
44%
17常磐線羽鳥84
44%
5中央本線豐田57
44%
31常磐線岩間131
38%
7外房線太東67
38%
49高崎線神保原170
38%
1信越本線熊ノ平11
31%
39水戸線稲田144
31%
27総武本線飯岡117
31%
26東北本線岡本116
31%
8東北本線野崎68
31%
9外房線長者町69
31%
12総武本線日向73
31%
18東北本線東那須野85
31%
16総武本線干潟83
31%
24総武本線松尾111
31%
2外房線三門22
25%
13東北本線雀宮78
25%
30水戸線新治131
25%
11常磐線佐和72
25%
37総武本線平井143
25%
3外房線岩沼50
19%
41中央本線與瀨147
19%
38東北本線黒田原143
19%
20東北本線片岡99
19%
22水戸線宍戸103
19%
23総武本線稻毛108
19%
28日光線文挾125
19%
50中央本線吉祥寺172
19%
14外房線野田79
13%
36水戸線福原143
13%
42常磐線下孫147
13%
44外房線一宮153
13%
45常磐線三河島153
13%
19常磐線石神86
0%

Score Distribution

Percentile by Number Answered

Percent of People with Each Score

Your Score History

You have not taken this quiz